Piggybooks Quiz Stats

Quiz not verified by Sporcle

Also try: Wocket in My What?
Challenge
Share
Tweet
Embed
Score 0/14 Timer 05:00
0 Plays Today
Name these books with pig characters Book Title % Correct
Snowball and Napoleon play parts in this Orwell storyAnimal Farm
100%
Title character saves Wilbur the pig's lifeCharlotte's Web
83.3%
Dick King-Smith's book that became a movieBabe
83.3%
Piglet and friends appear in this seriesWinnie-the-Pooh
66.7%
By R.N. Peck, set on a Vermont farmDay No Pigs Would Die
50%
Gub-Gub the pig speaks to this vetDoctor Doolittle
50%
A hero and his men are turned into pigs by CirceOdyssey
33.3%
Name these books with pig characters Book Title % Correct
Falconer's saucy piglet who also stars on NickJr.Olivia
16.7%
Holly Hobbie's picture book duoToot and Puddle
16.7%
Title character in series by Kate DiCamilloMercy Watson
16.7%
P.G. Wodehouse's Shropshire rolicPigs Have Wings
16.7%
Jimmy Buffett wrote this oneSwine Not
16.7%
First in Joseph Caldwell's pig trilogyPig Did It
16.7%
11-yr-old Louise turns her brother into a pigWishes, Kisses and Pigs
0%

You're not logged in!

Compare scores with friends on all Sporcle quizzes.
Join for Free
OR
Log In

You Might Also Like...

Show Comments

Extras

Created Apr 9, 2010ReportNominate
Tags:Book Quiz, character, pig

Top Quizzes Today


Score Distribution

Your Account Isn't Verified!

In order to create a playlist on Sporcle, you need to verify the email address you used during registration. Go to your Sporcle Settings to finish the process.

Report this User

Report this user for behavior that violates our Community Guidelines.

Details: